01437nam a2200253 a 4500001001300000003000400013005001700017008004100034020001800075020004200093020004500135040001100180082001600191245007900207250001200286260004600298300003600344500011600380504005100496520051700547650003401064700001901098700006601117000041084490OSt20150408114138.0060726s2007 maua b 001 0ceng  a9780321491695 a0321491696 (international ed. : pbk.) a9780321491695 (international ed. : pbk.) aMa-Un 00a005.45322200aCompilers :bprinciples, techniques, & tools /cAlfred V. Aho ... [et al.] a2nd ed. aBoston :bPearson/Addison Wesley,cc2007. axxiv, 1009 p. :bill. ;c25 cm. aRev. ed. of: Compilers, principles, techniques, and tools / Alfred V. Aho, Ravi Sethi, Jeffrey D. Ullman. 1986. aIncludes bibliographical references and index.1 a"This new edition of the classic "Dragon" book has been completely revised to include the most recent developments to compiling. The book provides a thorough introduction to compiler design and continues to emphasize the applicability of compiler technology to a broad range of problems in software design and development. The first hall of the book is designed for use in an undergraduate compilers course while the second half can be used in a graduate course stressing code optimization."--BOOK JACKET of hbk. 0aCompilers (Computer programs)1 aAho, Alfred V.1 aAho, Alfred V.tCompilers, principles, techniques, and tools.